Meranie ekonomického potenciálu miestnej samosprávy diplomová práca

Salvato in:
Dettagli Bibliografici
Autore principale: Zálešák, Michal
Ente Autore: Národohospodárska fakulta EU. Katedra verejnej správy a regionálneho rozvoja
Altri autori: Žárska, Elena, 1955-
Natura: Libro
Lingua:slovacco
Pubblicazione: Bratislava 2015
Tags: Aggiungi Tag
Nessun Tag, puoi essere il primo ad aggiungerne!!

MARC

LEADER 00000nbm a2200000 4500
001 0202456
005 20161212095139.0
041 0 |a slo 
044 |a SK 
245 1 0 |a Meranie ekonomického potenciálu miestnej samosprávy  |b diplomová práca  |c Michal Zálešák ; školiteľ: Elena Žárska 
264 1 |a Bratislava  |c 2015 
300 |a 78 s. 
100 1 |a Zálešák, Michal 
700 1 |a Žárska, Elena, 1955- 
710 2 |a Národohospodárska fakulta EU. Katedra verejnej správy a regionálneho rozvoja